Мода на короля Умберто: повести, рассказы

Библиографические подробности
Главный автор: Шубина В. С. Валерия Семеновна
Другие авторы: Локшин В. В. (иллюстратор)
Примечания:Исключено из фонда НТБ ТПУ
Язык:русский
Опубликовано: Москва, Советский писатель, 1991
Формат: Книга
Запись в KOHA:https://koha.lib.tpu.ru/cgi-bin/koha/opac-detail.pl?biblionumber=150928

MARC

LEADER 00000nam0a2200000 4500
001 150928
005 20231031150331.0
010 |a 5265012192 
020 |a RU  |b 91-22293 
035 |a (RuTPU)RU\TPU\book\163653 
090 |a 150928 
100 |a 20090116d1991 m y0rusy5003 ca 
101 0 |a rus 
102 |a RU 
105 |a a z 000ay 
200 1 |a Мода на короля Умберто  |e повести, рассказы  |f В. С. Шубина  |g худож. В. В. Локшин 
210 |a Москва  |c Советский писатель  |d 1991 
215 |a 334 с.  |c ил.  |d 20 см 
333 |a Исключено из фонда НТБ ТПУ 
675 |a Р2  |z rus  |v 3 
700 1 |a Шубина  |b В. С.  |g Валерия Семеновна  |4 070 
702 1 |a Локшин  |b В. В.  |4 440 
801 0 |a RU  |b RuMRKP  |c 19950417  |g psbo 
801 1 |a RU  |b 63413507  |c 20090116  |g PSBO 
801 2 |a RU  |b 63413507  |c 20210517  |g PSBO 
942 |c BK